Guadalajara, Jalisco : moderna y señorial : directorio de servicios turísticos : guía de atractivos turísticos /
Сохранить в:
| Соавтор: | |
|---|---|
| Формат: | |
| Язык: | испанский |
| Предметы: | |
| Метки: |
Нет меток, Требуется 1-ая метка записи!
|
MARC
| LEADER | 00000nam^a2200000^a^4500 | ||
|---|---|---|---|
| 001 | 000187970 | ||
| 005 | 20250521000000.0 | ||
| 009 | 20260310102321.191 | ||
| 037 | |a Acervo ITESO - Biblioteca | ||
| 041 | |a ESP | ||
| 082 | |a 917. 204 |b GUA | ||
| 110 | |a Guadalajara. |b Ayuntamiento | ||
| 245 | 1 | 0 | |a Guadalajara, Jalisco : |b moderna y señorial : directorio de servicios turísticos : guía de atractivos turísticos / |c Ayuntamiento de Guadalajara. |
| 264 | |a Guadalajara, México : |b Ayuntamiento de Guadalajara, Dirección de Turismo Municipal : |b Agata, |c 1990 | ||
| 300 | |a 40, 48 p. | ||
| 336 | |a texto |b txt |2 rdacontenido | ||
| 337 | |a sin mediación |b n |2 rdamedio | ||
| 338 | |a volumen |b nc |2 rdasoporte | ||
| 649 | |a XX | ||
| 650 | |a Guías Turísticas | ||
| 650 | |a Arquitectura Jalisciense - |x Historia y Crítica | ||
| 650 | |a Arquitectura Mexicana - |x Historia y Crítica | ||
| 650 | |a Patrimonio Histórico - |z Guadalajara, Jalisco | ||
| 650 | |a Patrimonio Histórico - |z Jalisco | ||
| 650 | |a Patrimonio Histórico - |z México | ||
| 650 | |a Patrimonio de la Humanidad - |z Guadalajara, Jalisco | ||
| 650 | |a Patrimonio de la Humanidad - |z Jalisco | ||
| 650 | |a Patrimonio de la Humanidad - |z México | ||
| 650 | |a Folklore - |z Guadalajara, Jalisco | ||
| 650 | |a Folklore - |z Jalisco | ||
| 650 | |a Folklore - |z México | ||
| 650 | |a Ocio y Tiempo Libre - |z Guadalajara, Jalisco | ||
| 650 | |a Ocio y Tiempo Libre - |z Jalisco | ||
| 650 | |a Ocio y Tiempo Libre - |z México | ||
| 650 | |a Turismo - |z Guadalajara, Jalisco - |x Directorios | ||
| 650 | |a Turismo - |z Jalisco - |x Directorios | ||
| 650 | |a Turismo - |z México - |x Directorios | ||
| 650 | |a Turismo - |z Guadalajara, Jalisco | ||
| 650 | |a Turismo - |z Jalisco | ||
| 650 | |a Turismo - |z México | ||
| 650 | |a Guadalajara, Jalisco - |x Descripción - |x Guías Turísticas - |x Tema Principal | ||
| 650 | |a Jalisco - |x Descripción - |x Guías Turísticas | ||
| 650 | |a México - |x Descripción - |x Guías Turísticas | ||
| 910 | |a Fondo Julio de la Peña Lomelín | ||
| 920 | |a Impresos - Libros | ||
| 930 | |a Arquitectos Jaliscienses | ||
| 905 | |a 115 | ||
| 901 | |a 0500130613 |b IT1 |c JAL |u 20250521 | ||
| 902 | |a https://opac.biblio.iteso.mx/vufind/Record/000187970 | ||